000 01243nam a2200229Ia 4500
001 10604
003 GE_BSU
008 181216s||||||||xx |||||||||||||| ||und||
020 _a9789941446092
040 _cGE_BSU
100 _aბაქრაძე,აკაკი
245 _aსკოლას:დამხმარე სახელმძღვ. ქართულ ლიტერეტურაში საშ.სკოლებისათვის
245 _cშემდგ.რედ:ამირან გომართელი,ლევან ბრეგაძე. საგამომც.ჯგ:ეთერ ბაიდოშვილი,ნინო გურასპაული და სხვ. გარეკანის დიზაინი:ილია ხელაიასი.
260 _aთბილისი
260 _bინტელექტი
260 _c2013
300 _a460გვ;22სმ
300 _b1ფ.პორტრ.გარეკანზე.
541 _h12ლ.
653 _aსკოლას:დამხმარე სახელმძღვ. ქართულ ლიტერეტურაში საშ.სკოლებისათვის
942 _cBK
999 _c43856
_d43856